Countries containing the letter L - Statistics

General Stats
  • This quiz has been taken 210 times
    178 since last reset
  • The average score is 51 of 63
Answer Stats
Answer % Correct
Latvia
95%
Lithuania
91%
Luxembourg
91%
Liechtenstein
90%
Australia
89%
Ireland
89%
Lebanon
89%
Netherlands
89%
Albania
88%
Brazil
88%
Finland
88%
Liberia
88%
Mali
88%
Poland
88%
Algeria
87%
Iceland
87%
Laos
87%
Lesotho
87%
Slovakia
87%
Slovenia
87%
Colombia
86%
El Salvador
86%
Libya
86%
New Zealand
86%
Switzerland
86%
Bolivia
85%
Belgium
84%
Angola
83%
Chile
83%
Italy
83%
Portugal
83%
Thailand
83%
Democratic republic of the Congo
82%
Solomon Islands
82%
Belarus
80%
Belize
80%
Bulgaria
80%
Malawi
80%
Malaysia
80%
Saint Lucia
80%
Dominican Republic
79%
Guatemala
79%
Israel
79%
Maldives
79%
Malta
79%
Marshall Islands
79%
Central African Republic
78%
Bangladesh
77%
Moldova
77%
Seychelles
77%
Philippines
76%
Venezuela
76%
Mongolia
75%
Palau
75%
Tuvalu
74%
Somalia
73%
Sierra Leone
72%
Sri Lanka
72%
Senegal
71%
Equatorial Guinea
70%
Nepal
70%
Czech Republic
66%
Republic of Congo
22%
No matching quizzes found
Score Distribution
Percent of People with Each Score
Percentile by Number Answered
Your Score History
You have not taken this quiz since the last reset